000 00253nam a2200109 a 4500
005 20140513081048.0
008 020606s19uu xx 00 eng d
050 _aP 591.52
_bANI
245 _aAnimal homes.
650 _aAnimals
_xPosters
999 _c116236
_d116236